Judicial review handbook / (Record no. 643)

MARC details
000 -LEADER
fixed length control field 00973cam a2200289 a 4500
001 - CONTROL NUMBER
control field 12734961
003 - CONTROL NUMBER IDENTIFIER
control field OSt
005 - DATE AND TIME OF LATEST TRANSACTION
control field 20150707113323.0
008 - FIXED-LENGTH DATA ELEMENTS--GENERAL INFORMATION
fixed length control field 020409s2001 enkk w 001 0 eng
010 ## - LIBRARY OF CONGRESS CONTROL NUMBER
LC control number 2002279422
020 ## - INTERNATIONAL STANDARD BOOK NUMBER
International Standard Book Number 1841132381 (hardback : alk. paper)
040 ## - CATALOGING SOURCE
Original cataloging agency DLC
Transcribing agency DLC
Modifying agency DLC
043 ## - GEOGRAPHIC AREA CODE
Geographic area code e-uk---
050 00 - LIBRARY OF CONGRESS CALL NUMBER
Classification number KD4902
Item number .F67 2001
082 00 - DEWEY DECIMAL CLASSIFICATION NUMBER
Classification number 347.012 FOR
Edition number 21
100 1# - MAIN ENTRY--PERSONAL NAME
Personal name Fordham, Michael.
9 (RLIN) 1856
245 10 - TITLE STATEMENT
Title Judicial review handbook /
Statement of responsibility, etc by Michael Fordham ; foreword by Lord Woolf.
250 ## - EDITION STATEMENT
Edition statement 3rd ed.
260 ## - PUBLICATION, DISTRIBUTION, ETC. (IMPRINT)
Place of publication, distribution, etc Oxford ;
-- Portland, Or. :
Name of publisher, distributor, etc Hart Pub.,
Date of publication, distribution, etc 2001.
300 ## - PHYSICAL DESCRIPTION
Extent lxv, 1339 p. :
Other physical details form ;
Dimensions 25 cm.
500 ## - GENERAL NOTE
General note Includes index.
650 #0 - SUBJECT ADDED ENTRY--TOPICAL TERM
Topical term or geographic name as entry element Judicial review of administrative acts
Geographic subdivision Great Britain.
9 (RLIN) 1857
650 #0 - SUBJECT ADDED ENTRY--TOPICAL TERM
Topical term or geographic name as entry element Judicial review of administrative acts
Geographic subdivision Great Britain
Form subdivision Digests.
9 (RLIN) 1858
906 ## - LOCAL DATA ELEMENT F, LDF (RLIN)
a 7
b cbc
c origcop
d 2
e ncip
f 20
g y-gencatlg
942 ## - ADDED ENTRY ELEMENTS (KOHA)
Source of classification or shelving scheme Dewey Decimal Classification
Koha item type Books
Holdings
Withdrawn status Lost status Source of classification or shelving scheme Damaged status Not for loan Home library Current library Shelving location Date acquired Total Checkouts Full call number Barcode Date last seen Price effective from Koha item type
    Dewey Decimal Classification     Law Development Centre Main Library Law Development Centre Main Library Text Books and Laws 04/26/2011   347.012 FOR 10609 04/26/2011 04/26/2011 Books